Формування орфоепічних навичок українського мовлення першокласників в умовах поліетнічного середовища (Запис № 570161)
[ простий вигляд ]
| 000 -Лідер | |
|---|---|
| fixed length control field | 03408nam a22002537a 4500 |
| 001 - Контрольний номер | |
| control field | 216220152 |
| 003 - Ідентифікатор контрольного номера | |
| control field | UA-OsUOA |
| 005 - Дата та час останнього входження (трансакції) | |
| control field | 20210202163004.0 |
| 008 - Елементи даних фіксованої довжини – загальна інформація | |
| fixed length control field | 210202b un ||||| m||| 00| 0 ukr d |
| 040 ## - Джерело каталогізації | |
| Агенція оригінальної каталогізації | UA-OsUOA |
| Мова каталогізації | ukr |
| Агенція, яка здійснювала перезапис | UA-OsUOA |
| Агенція, яка здійснювала модифікацію | UA-OsUOA |
| 041 ## - Код мови | |
| Код мови тексту/ звукової доріжки чи окремого заголовка (П) | ukr |
| 080 ## - Індекс Універсальної десяткової класифікації | |
| Індекс Універсальної десяткової класифікації (УДК) (НП) | 373.3.016:811.161.2,34’246.3-115 |
| 090 ## - Локальний шифр розміщення | |
| Класифікаційний індекс УДК | 373.3.016:811.161.2,34’246.3-115 |
| 095 ## - Код спеціальності для авторефератів | |
| Код спеціальності | 13.00.02 |
| Назва спеціальності | теорія і методика навчання української мови |
| 100 ## - Основне введення – ім’я особи | |
| Ім’я особи (НП) | Анафієва Е. Р. |
| 245 ## - Відомості про назву | |
| Назва (НП) | Формування орфоепічних навичок українського мовлення першокласників в умовах поліетнічного середовища |
| Дані про відповідальність (НП) | Анафієва Ельзара Різаївна ; наук. керівник Гудзик Ірина Пилипівна |
| 260 ## - Публікація, розповсюдження і т.п. (Вихідні дані) | |
| Місце публікації, розповсюдження і т.п. (П) | Київ |
| Дата публікації, розповсюдження і т.п. (П) | 2006 |
| 300 ## - Фізичний опис | |
| Обсяг | 20 с. |
| 502 ## - Примітка про дисертацію | |
| Зв'язок | Автореферат дисертації на здобуття наукового ступеня кандидата педагогічних наук<br/> |
| Наймення інституції, що представляється | Інститут педагогіки АПН України |
| Рік отримання вченого ступеня | 2006 |
| 520 ## - Резюме і т.п. | |
| Резюме, реферат, анотація, тощо (НП) | У дисертації представлена система методичної роботи над українською орфоепією в перших класах шкіл з поліетнічним складом учнів, яка узагальнено відображає зміст; методи та прийоми педагогічного впливу на процес формування в учнів вимовних навичок українського мовлення. <br/>У роботі знайшли відображення погляди лінгвістів, психологів, педагогів на природу орфоепічної навички, представлено аналіз стану проблеми у науково-методичній та психолого-педагогічній літературі, а також у шкільній практиці. Констатувальний зріз виявив рівень сформованості орфоепічних навичок українського мовлення першокласників в умовах багатомовності, труднощі, з якими стикаються учні в оволодіння орфоепічними нормами. Зіставний аналіз фонетичних та орфоепічних систем української, російської і кримськотатарської мов виявив в аналізованих мовах як подібні, так і специфічні риси. На підставі даного аналізу описано позитивний та негативний вплив російської і кримськотатарської мов на вивчення української орфоепії. У роботі представлена система вправ з формування орфоепічних навичок українського мовлення першокласників у зіставленні з російським і кримськотатарським. |
| 650 ## - Додаткове предметне введення – тематичний термін | |
| Джерело заголовка чи терміна | UDC |
| Тематичний термін чи географічна назва, як елемент введення (НП) | 373 Види загальноосвітніх шкіл |
| 942 ## - Додаткові елементи входу (Коха) | |
| Source of classification or shelving scheme | Universal Decimal Classification |
| Тип елемента Koha | Автореферат |
| 955 ## - Код типу видання за змістом | |
| Код типу видання за змістом (НП) | Наукові видання |
Немає доступних примірників.